Využitie krízového manažmentu ako nástroja bezpečnostnej politiky štátov v 21. storočí
Celosvetový trend - nárast nestability a neistoty, ktorý so sebou prináša možnosť vzniku neočakávaných krízových situácií - nadobúda v Európe a na Slovensku určité špecifiká. Spoločná zahraničná a bezpečnostná politika EÚ. Krízový manažment EÚ prostriedkom riešenia medzinárodných kríz. Rámcový cieľ...
Guardado en:
| Autor principal: | |
|---|---|
| Formato: | Capítulo de libro |
| Lenguaje: | eslovaco |
| Materias: | |
| Etiquetas: |
Sin Etiquetas, Sea el primero en etiquetar este registro!
|
MARC
| LEADER | 00000naa$a2200000$$$4500 | ||
|---|---|---|---|
| 001 | 0056489 | ||
| 005 | 20221207085023.1 | ||
| 041 | 0 | |a slo | |
| 044 | |a SK | ||
| 245 | 1 | 0 | |a Využitie krízového manažmentu ako nástroja bezpečnostnej politiky štátov v 21. storočí |c Rastislav Kazanský |
| 520 | |a Celosvetový trend - nárast nestability a neistoty, ktorý so sebou prináša možnosť vzniku neočakávaných krízových situácií - nadobúda v Európe a na Slovensku určité špecifiká. Spoločná zahraničná a bezpečnostná politika EÚ. Krízový manažment EÚ prostriedkom riešenia medzinárodných kríz. Rámcový cieľ v oblasti vojenských kapacít - vytváranie bojových skupín. Strategické ciele v oblasti budovania civilných zložiek krízového manažmentu. Európska bezpečnostná stratégia (2003). Civilný rámcový cieľ 2008. Civilné reakčné tímy. | ||
| 610 | 2 | 0 | |a svet |
| 610 | 2 | 0 | |a nestabilita politická |
| 610 | 2 | 0 | |a politika bezpečnostná |
| 610 | 2 | 0 | |a manažment krízový |
| 610 | 2 | 0 | |a Európska únia |
| 610 | 2 | 0 | |a Slovensko |
| 100 | 1 | |a Kazanský, Rastislav | |